Surveyors' regulation under review (Record no. 118176)

MARC details
000 -LEADER
fixed length control field 02261cam a2200313 4500
001 - CONTROL NUMBER
control field ABS68374
008 - FIXED-LENGTH DATA ELEMENTS--GENERAL INFORMATION
fixed length control field 041018n2004 000 0 eng u
035 ## - SYSTEM CONTROL NUMBER
System control number (Sirsi) u127730
100 ## - MAIN ENTRY--PERSONAL NAME
Personal name Simpkins, E.
245 ## - TITLE STATEMENT
Title Surveyors' regulation under review
260 ## - PUBLICATION, DISTRIBUTION, ETC.
Date of publication, distribution, etc. 2004
490 ## - SERIES STATEMENT
Series statement RICS Business
Volume/sequential designation October 2004, 16-18(3)
520 ## - SUMMARY, ETC.
Summary, etc. Sets the scene for RICS' fundamental review of the way it regulates its members. This is to ensure that it complies with what is currently regarded as best practice and that it works within the modern business environment . For example where auditing firms are being sued for their role in the failure of companies and government threatens to remove self-regulation from some professions. Sir Bryan Carsberg will lead the review of the regulatory framework, reporting in April 2005. Describes the remit of the Carsberg review, which includes the possibility of extending RICS' regulatory environment to cover companies as well as individual members and updating the relationship between RICS and its members. Provides a timetable from initial consultation to consultation on the final report and a brief biography of Sir Bryan Carsberg. View the initial consultation and the article at www.rics.org.
590 ## - LOCAL NOTE (RLIN)
Local note ABS
590 ## - LOCAL NOTE (RLIN)
Local note ABS
650 ## - SUBJECT ADDED ENTRY--TOPICAL TERM
Topical term or geographic name entry element MEMBERS
650 ## - SUBJECT ADDED ENTRY--TOPICAL TERM
Topical term or geographic name entry element PROFESSIONAL CONDUCT
650 ## - SUBJECT ADDED ENTRY--TOPICAL TERM
Topical term or geographic name entry element CARSBERG REVIEW OF SURVEYORS' REGULATION
650 ## - SUBJECT ADDED ENTRY--TOPICAL TERM
Topical term or geographic name entry element PROFESSIONAL BODIES
650 ## - SUBJECT ADDED ENTRY--TOPICAL TERM
Topical term or geographic name entry element REDRESS
650 ## - SUBJECT ADDED ENTRY--TOPICAL TERM
Topical term or geographic name entry element SELF-REGULATION
650 ## - SUBJECT ADDED ENTRY--TOPICAL TERM
Topical term or geographic name entry element RICS
690 ## - LOCAL SUBJECT ADDED ENTRY--TOPICAL TERM (OCLC, RLIN)
Topical term or geographic name as entry element PROFESSIONAL PRACTICE
856 ## - ELECTRONIC LOCATION AND ACCESS
Uniform Resource Identifier <a href="https://www.rics.org/AboutRICS/RICSProfessionalRegulationandConsumerProtection/carsberg_consultation.htm">https://www.rics.org/AboutRICS/RICSProfessionalRegulationandConsumerProtection/carsberg_consultation.htm</a>
Public note View the Carsberg consultation on the RICS websiteƯ
856 ## - ELECTRONIC LOCATION AND ACCESS
Uniform Resource Identifier <a href="https://www.rics.org/AboutRICS/RICSProfessionalRegulationandConsumerProtection/carsberg_consultation.htm">https://www.rics.org/AboutRICS/RICSProfessionalRegulationandConsumerProtection/carsberg_consultation.htm</a>
Public note View the Carsberg consultation on the RICS websiteƯ
856 ## - ELECTRONIC LOCATION AND ACCESS
Uniform Resource Identifier <a href="https://www.rics.org/AboutRICS/RICSProfessionalRegulationandConsumerProtection/carsberg_consultation.htm">https://www.rics.org/AboutRICS/RICSProfessionalRegulationandConsumerProtection/carsberg_consultation.htm</a>
Public note View the Carsberg consultation on the RICS websiteƯ
856 ## - ELECTRONIC LOCATION AND ACCESS
Uniform Resource Identifier <a href="https://www.rics.org/AboutRICS/RICSProfessionalRegulationandConsumerProtection/carsberg_consultation.htm">https://www.rics.org/AboutRICS/RICSProfessionalRegulationandConsumerProtection/carsberg_consultation.htm</a>
Public note View the Carsberg consultation on the RICS websiteƯ
942 ## - ADDED ENTRY ELEMENTS (KOHA)
Suppress in OPAC 0
Holdings
Withdrawn status Lost status Source of classification or shelving scheme Damaged status Not for loan Home library Current library Shelving location Date acquired Total Checkouts Full call number Barcode Date last seen Copy number Price effective from Koha item type
    Dewey Decimal Classification     London London Journal article 18/10/2004   ABS68374 127730-1001 06/08/2019 1 06/08/2019 Journal article